Sentiment Analysis for Social Media (Record no. 28088)

MARC details
000 -LEADER
fixed length control field 01144nam a2200121Ia 4500
008 - FIXED-LENGTH DATA ELEMENTS--GENERAL INFORMATION
fixed length control field 220620s9999||||xx |||||||||||||| ||und||
100 ## - MAIN ENTRY--PERSONAL NAME
Personal name Moreno, Antonio||Iglesias, Carlos A.
245 #0 - TITLE STATEMENT
Title Sentiment Analysis for Social Media
546 ## - LANGUAGE NOTE
Language note English[eng]
650 ## - SUBJECT ADDED ENTRY--TOPICAL TERM
Topical term or geographic name entry element opinion mining||affect computing||health insurance||Twitter||hybrid vectorization||violence against women||word association||collaborative schemes of sentiment analysis and sentiment systems||random forest||cyber-aggression||deep learning||online review||emotion analysis||lexicon construction||provider networks||text mining||sentiment lexicon||social media||sentiment-aware word embedding||psychographic segmentation||medical web forum||gender classification||racism||sentiment analysis||sentiment classification||sentiment word analysis||social networks||convolutional neural network||review data mining||machine learning||emotion classification||big data-driven marketing||text feature representation||recommender system||user preference prediction||violence based on sexual orientation||semantic networks
856 ## - ELECTRONIC LOCATION AND ACCESS
Uniform Resource Identifier <a href="https://mdpi.com/books/pdfview/book/2154">https://mdpi.com/books/pdfview/book/2154</a>
942 ## - ADDED ENTRY ELEMENTS (KOHA)
Koha item type E-Books
Holdings
Withdrawn status Lost status Damaged status Not for loan Home library Current library Date acquired Total Checkouts Date last seen Price effective from Koha item type
        Kerala University of Digital Sciences, Innovation and Technology Knowledge Centre Kerala University of Digital Sciences, Innovation and Technology Knowledge Centre 20/06/2022   20/06/2022 20/06/2022 E-Books